| 000 | 00862nam a22002297a 4500 | ||
|---|---|---|---|
| 005 | 20210325180258.0 | ||
| 008 | s2539 th tha d | ||
| 020 | _a9745658057 | ||
| 041 | _atha | ||
| 050 | _aJA74.5 ณ214จ 2539 | ||
| 100 | 0 | _aณรงค์ สินสวัสดิ์ | |
| 245 | 1 | 0 | _aจิตวิทยาการเมือง [4th] |
| 260 | 3 |
_aกรุงเทพฯ : _bออเรียนแทลสกอล่า, _c2539 |
|
| 300 |
_a186 หน้า : _b ภาพประกอบ, ตาราง ; _c 21 ซม. |
||
| 650 | 0 | 4 | _aจิตวิทยาการเมือง |
| 650 | 0 | 4 | _aผู้นำทางการเมือง |
| 650 | 0 | 4 | _aพฤติกรรมมนุษย์ |
| 850 | _aNALT | ||
| 942 | _cGB | ||
| 997 | _c000000000008902 | ||
| 998 | _aBENJALUCK SUTTHIWILAI | ||
| 999 |
_c8902 _d8902 |
||